4 to 13 Letter 'S' Places Quiz Stats

 Plays Quiz Updated Dec 21, 2017

Score 0/10 Timer 02:00
4 Plays Today
Clue 'S'-Place % Correct
Scandinavian countrySweden
98.1%
Second largest country in European UnionSpain
88.1%
Country famed for its neutralitySwitzerland
79.8%
Asia's most densely populated nationSingapore
73.5%
Country containing the westernmost point in mainland AfricaSenegal
59.7%
Second most populated metropolitan areaShanghai
59.3%
Sixth most populated Canadian provinceSaskatchewan
58%
Country with the fastest average Internet connection speed (two words)South Korea
56.5%
Seaport city in Northeastern EgyptSuez
42.2%
City in California where the world's first McDonald's was located (two words)San Bernardino
16.6%

You're not logged in!

Compare scores with friends on all Sporcle quizzes.
OR
Log In

You Might Also Like...

Show Comments

Extras

Top Quizzes Today


Score Distribution

Your Account Isn't Verified!

In order to create a playlist on Sporcle, you need to verify the email address you used during registration. Go to your Sporcle Settings to finish the process.

Report this User

Report this user for behavior that violates our Community Guidelines.

Details: